书目信息 |
| 题名: |
应用数学例题演习
|
|
| 作者: | 道胁义正 , 春海佳三郎 著 ;郑毓德 , 李玉芬 译 | |
| 分册: | 一 微分方程篇 | |
| 出版信息: | 天津 南开大学出版社 1984.12 |
|
| 页数: | 490页 | |
| 开本: | 21cm | |
| 丛书名: | ||
| 单 册: | ||
| 中图分类: | O29 | |
| 科图分类: | ||
| 主题词: | 应用数学 , 数学--应用 | |
| 电子资源: | ||
| ISBN: | 7-310-00167-2 | |
| 000 | 00823nam0 2200253 45 | |
| 001 | 0405191115 | |
| 005 | 20040519110226.5 | |
| 010 | @a7-310-00167-2@dCNY4.90 | |
| 100 | @a20040519d1984 km y0chiy0120 ea | |
| 101 | 0 | @achi@cjpn |
| 105 | @a z 000yy | |
| 200 | 1 | @a应用数学例题演习@h一@i微分方程篇@AYing Yong Shu Xue Li Ti Yan Xi@f(日)道胁义正,春海佳三郎等著@F(Ri)Dao Xie Yi Zheng,Chun Hai Jia San Lang Deng Zhu@g郑毓德,李玉芬译 |
| 210 | @a天津@d1984.12@c南开大学出版社 | |
| 215 | @a490页@d21cm | |
| 517 | @a微分方程篇@AWei Fen Fang Cheng Pian | |
| 606 | 0 | @a应用数学 |
| 606 | 0 | @a数学@x应用 |
| 690 | @aO29@v3 | |
| 701 | 0 | @a道胁义正@4著 |
| 701 | 0 | @a春海佳三郎@4著 |
| 702 | 0 | @a郑毓德@AZheng Yu De@4译 |
| 702 | 0 | @a李玉芬@ALi Yu Fen@4译 |
| 801 | @aCN@bPftUser@c20040519 | |
| 905 | @f3@b234124-126@dO29@e10:1 | |
| 应用数学例题演习.一.微分方程篇/(日)道胁义正,春海佳三郎等著/郑毓德,李玉芬译.-天津,1984.12:南开大学出版社 |
| 490页;21cm |
| ISBN 7-310-00167-2:CNY4.90 |
| ● |
| 相关链接 |
|
|
|
|
正题名:应用数学例题演习
索取号:O29/10:1
 
预约/预借
| 序号 | 登录号 | 条形码 | 馆藏地/架位号 | 状态 | 备注 |
| 1 | 0234124 | 001446698 | 第三借阅区/ [索取号:O29/10:1] | 在馆 | |
| 2 | 0234125 | 001446661 | 第三借阅区/ [索取号:O29/10:1] | 在馆 | |
| 3 | 0234126 | 001446705 | 第三借阅区/ [索取号:O29/10:1] | 在馆 | |
| 4 | 0234127 | 202449387 | 第二样本阅览室/ [索取号:O29/10:1] | 在馆 |